| 000 | 00345nam a2200133Ia 4500 | ||
|---|---|---|---|
| 008 | 191014s9999 xx 000 0 und d | ||
| 020 | _a0-521-40006-6 | ||
| 082 |
_a530.143 _bBRO |
||
| 100 |
_aLowell S. Brown _924046 |
||
| 245 | 0 | _aQuanum Field Theory | |
| 260 |
_aPakistan _bNational Books Fundation _c1996 |
||
| 300 | _aXiv,542 | ||
| 942 | _cBK | ||
| 999 |
_c531317 _d531317 |
||